Curso moderno de trigonometría; con tablas y una guía para el estudiante /

Guardado en:
Autor Principal: Hooper, Alfred
Otros Autores: Griswold, Alice
Formato: Libro
Publicado: México : Cultural, 1966
Materias:
Etiquetas: Agregar Etiqueta
Sin Etiquetas, Sea el primero en etiquetar este registro!
LEADER 00820nam a22002175a 4500
001 CEM.cems003293
008 130507s1966##################000#0#####d
005 20241210120937.0
245 1 0 |a Curso moderno de trigonometría; con tablas y una guía para el estudiante /  |c Alfred Hooper 
260 |a México :  |b Cultural,  |c 1966 
300 |a 103 p. 
505 0 |a Angulos en el plano; Medida de angulos; Sistema sexagesimal; Una funcion importante; Funciones trigonometricas; Representaciones graficas; Resolucion de triangulos; Formulas de adicion 
100 1 |a Hooper, Alfred 
700 1 |a Griswold, Alice 
082 0 4 |a 514 
653 |a Funciones trigonometricas 
653 |a Logaritmos 
653 |a Matematica 
653 |a Radianes 
653 |a Teorema de moivre 
859 |a CEMS  |b BIB. CEMS - 11 de abril  |h 514  |i H766  |p 3233.74  |t Ej.1